[Event "Wch Seniors 50 30th"]
[Site "Assisi"]
[Date "2022.11.18"]
[Round "4"]
[White "Borsuk, Angela"]
[Black "Boulard, Eric"]
[Result "1/2-1/2"]
[WhiteElo "2057"]
[BlackElo "2185"]
[PlyCount "82"]
[EventDate "2022.11.15"]
[EventType "swiss"]
[EventRounds "11"]
[EventCountry "ITA"]
[SourceTitle "CBM 211 Extra"]
[Source "ChessBase"]
[SourceDate "2023.01.31"]
[SourceVersion "1"]
[SourceVersionDate "2023.01.31"]
[SourceQuality "1"]

1. d4 f5 2. c4 d6 3. Nf3 Nf6 4. Nc3 g6 5. g3 Bg7 6. Bg2 0-0 7. 0-0 c6 8. Rb1 Qc7 9. d5 e5 10. dxe6 Bxe6 11. Bf4 Rd8 12. c5 Ne8 13. Ng5 Qe7 14. Nxe6 Qxe6 15. cxd6 Nxd6 16. Qc2 Na6 17. a3 Qc4 18. Rfd1 Nb5 19. Qa4 Qxa4 20. Nxa4 Nd4 21. Kf1 Ne6 22. Be3 Nac7 23. Nc5 Nxc5 24. Rxd8+ Rxd8 25. Bxc5 Bxb2 26. e4 Rd2 27. exf5 gxf5 28. Bxa7 Nb5 29. Be3 Nxa3 30. Re1 Rd7 31. Bh3 Rd5 32. Bg5 Nc2 33. Re8+ Kf7 34. Re7+ Kg6 35. Rxb7 Rb5 36. Rxb5 cxb5 37. Bf4 b4 38. Bg2 Bc3 39. Bd5 Na1 40. Ke2 Nc2 41. Kd3 Ne1+ 1/2-1/2

[Event "Cheliabinsk Kibizov Memorial-A"]
[Site "Cheliabinsk"]
[Date "2018.06.27"]
[Round "7"]
[White "Borsuk, Angela"]
[Black "Prudnikova, Svetlana"]
[Result "1/2-1/2"]
[WhiteElo "2147"]
[BlackElo "2252"]
[PlyCount "22"]
[EventDate "2018.06.21"]
[EventType "tourn"]
[EventRounds "9"]
[EventCountry "RUS"]
[SourceTitle "CBM 185 Extra"]
[Source "ChessBase"]
[SourceDate "2018.07.29"]
[SourceVersion "1"]
[SourceVersionDate "2018.07.29"]
[SourceQuality "1"]

1. d4 d5 2. Nf3 Nf6 3. e3 Bf5 4. Bd3 Bxd3 5. Qxd3 c6 6. 0-0 Nbd7 7. c4 e6 8. Nc3 Be7 9. e4 dxe4 10. Nxe4 Nxe4 11. Qxe4 0-0 1/2-1/2

[Event "Cheliabinsk Kibizov Memorial-A"]
[Site "Cheliabinsk"]
[Date "2018.06.23"]
[Round "3"]
[White "Filippova, Darya"]
[Black "Borsuk, Angela"]
[Result "1/2-1/2"]
[WhiteElo "1938"]
[BlackElo "2147"]
[PlyCount "106"]
[EventDate "2018.06.21"]
[EventType "tourn"]
[EventRounds "9"]
[EventCountry "RUS"]
[SourceTitle "CBM 185 Extra"]
[Source "ChessBase"]
[SourceDate "2018.07.29"]
[SourceVersion "1"]
[SourceVersionDate "2018.07.29"]
[SourceQuality "1"]

1. c4 d6 2. Nc3 e5 3. g3 Nf6 4. Nf3 c6 5. Qc2 Bg4 6. Bg2 Be7 7. 0-0 0-0 8. Rd1 Nbd7 9. d4 Qc7 10. b3 Rfe8 11. Bb2 Bf8 12. Nh4 a6 13. Rd2 a5 14. Nf5 exd4 15. Nxd4 Nc5 16. Re1 Rad8 17. e4 d5 18. cxd5 cxd5 19. f3 dxe4 20. Nxe4 Nfxe4 21. Rxe4 Rxe4 22. fxe4 Qb6 23. Kh1 Re8 24. h3 Qh6 25. Nf5 Bxf5 26. exf5 Qg5 27. Re2 Rxe2 28. Qxe2 Qxg3 29. Be5 Qg5 30. f6 gxf6 31. Bd4 h5 32. Qe3 Ne6 33. Bb6 Qxe3 34. Bxe3 Bc5 35. Bd2 b6 36. Bf3 h4 37. Be1 Nd4 38. Bd1 Nf5 39. Bg4 Ne3 40. Bf3 Kg7 41. Bxh4 f5 42. Bf2 Nc2 43. Bh4 Kg6 44. Bd1 Nb4 45. a4 Nd5 46. Bf3 Nf4 47. Kh2 Ne6 48. Kg2 f4 49. Be4+ f5 50. Bd5 Nc7 51. Bc4 Ne8 52. Kf3 Be3 53. Be7 Nf6 1/2-1/2

[Event "Cheliabinsk Governor's Cup WIM"]
[Site "Satka"]
[Date "2017.07.04"]
[Round "4"]
[White "Mironenko, Galina"]
[Black "Borsuk, Angela"]
[Result "1-0"]
[WhiteElo "1950"]
[BlackElo "2175"]
[PlyCount "115"]
[EventDate "2017.06.30"]
[EventType "tourn"]
[EventRounds "9"]
[EventCountry "RUS"]
[SourceTitle "EXT 2018"]
[Source "ChessBase"]
[SourceDate "2017.10.13"]
[SourceVersion "1"]
[SourceVersionDate "2017.10.13"]
[SourceQuality "1"]

1. e4 d5 2. exd5 Qxd5 3. Nc3 Qd8 4. d4 Nf6 5. Be3 c6 6. Nf3 Bf5 7. h3 e6 8. Bd3 Bxd3 9. Qxd3 Nbd7 10. 0-0 Be7 11. Rad1 0-0 12. Ne2 Nd5 13. c4 Nxe3 14. fxe3 Qa5 15. a3 Rad8 16. b4 Qc7 17. Qc2 a5 18. Rb1 axb4 19. axb4 Ra8 20. Qb3 Nf6 21. Ra1 Ne4 22. c5 b6 23. Qd3 Nf6 24. e4 b5 25. Nc3 Qg3 26. Ne5 Qxd3 27. Nxd3 Nd7 28. e5 Bg5 29. Kf2 f6 30. Ke2 fxe5 31. dxe5 Rxa1 32. Rxa1 Bf4 33. Ra6 Nxe5 34. Nxe5 Bxe5 35. Ne4 Rc8 36. Ke3 h6 37. Nd6 Rc7 38. Kd3 Kh7 39. Rb6 Kg6 40. Ra6 Kg5 41. Ke3 h5 42. Ne4+ Kg6 43. Rb6 Kf7 44. Ra6 Ke7 45. Ra8 Rd7 46. Ra6 Bd4+ 47. Kf4 Rc7 48. Kg5 e5 49. Kf5 h4 50. Ra8 Rd7 51. Rc8 g6+ 52. Kxg6 Ke6 53. Nf6 Ra7 54. Rxc6+ Ke7 55. Nd5+ Kd7 56. Rd6+ Ke8 57. Kf5 Kf8 58. c6 1-0

[Event "Cheliabinsk Governor's Cup WIM"]
[Site "Satka"]
[Date "2017.07.03"]
[Round "3"]
[White "Borsuk, Angela"]
[Black "Prudnikova, Svetlana"]
[Result "1/2-1/2"]
[WhiteElo "2175"]
[BlackElo "2280"]
[PlyCount "24"]
[EventDate "2017.06.30"]
[EventType "tourn"]
[EventRounds "9"]
[EventCountry "RUS"]
[SourceTitle "EXT 2018"]
[Source "ChessBase"]
[SourceDate "2017.10.13"]
[SourceVersion "1"]
[SourceVersionDate "2017.10.13"]
[SourceQuality "1"]

1. d4 d5 2. Nf3 Nf6 3. e3 c5 4. b3 Nc6 5. Bd3 Bg4 6. Bb2 e6 7. 0-0 cxd4 8. exd4 Bd6 9. Nbd2 0-0 10. a3 Rc8 11. c4 Bf4 12. Be2 Bxd2 1/2-1/2

[Event "ISR-chT 1415 (Women)"]
[Site "Beersheba"]
[Date "2015.06.11"]
[Round "1.1"]
[White "Bejashvili, Irma"]
[Black "Borsuk, Angela"]
[Result "0-1"]
[WhiteElo "1709"]
[BlackElo "2191"]
[PlyCount "110"]
[EventDate "2015.06.11"]
[EventType "team-tourn"]
[EventRounds "5"]
[EventCountry "ISR"]
[SourceTitle "EXT 2016"]
[Source "ChessBase"]
[SourceDate "2015.10.08"]
[SourceVersion "1"]
[SourceVersionDate "2015.10.08"]
[SourceQuality "1"]
[WhiteTeam "Ramat Gan (W)"]
[BlackTeam "Ashdod (W)"]
[WhiteTeamCountry "ISR"]
[BlackTeamCountry "ISR"]

1. d4 g6 2. c4 Bg7 3. Nc3 c5 4. d5 Bxc3+ 5. bxc3 f5 6. f3 Nf6 7. Bh6 d6 8. Nh3 Qa5 9. Qc2 Bd7 10. Rc1 Na6 11. Ng5 Rg8 12. e3 Nc7 13. Bd3 Qa4 14. Qxa4 Bxa4 15. 0-0 0-0-0 16. e4 Bd7 17. Nf7 Rde8 18. e5 dxe5 19. Nxe5 Ba4 20. Rfe1 e6 21. d6 Na6 22. Bg5 Nd7 23. f4 Nab8 24. Rb1 b6 25. Be2 Nxe5 26. fxe5 Bc6 27. Bf3 Kd7 28. Kf2 Bxf3 29. gxf3 Nc6 30. Rb3 Rgf8 31. Bf4 Rf7 32. Rb5 Rb8 33. Reb1 Kc8 34. h4 Na5 35. Rxa5 bxa5 36. Rxb8+ Kxb8 37. Be3 f4 38. Bxc5 Kb7 39. Ba3 Kc6 40. c5 Rf5 41. Bc1 Rxe5 42. Bxf4 Rxc5 43. Be3 Rxc3 44. Bxa7 Kxd6 45. Kg3 Kd5 46. Kg4 h6 47. Bf2 a4 48. Be1 Rc4+ 49. f4 Rc1 50. Bf2 Rc2 51. Be3 Ke4 52. Bb6 Rxa2 53. Bc7 a3 54. Be5 Rg2+ 55. Kh3 Rc2 0-1

[Event "Olympiad Women-41"]
[Site "Tromsoe"]
[Date "2014.08.03"]
[Round "2.4"]
[White "Bulmaga, Irina"]
[Black "Borsuk, Angela"]
[Result "1-0"]
[WhiteElo "2354"]
[BlackElo "2198"]
[PlyCount "69"]
[EventDate "2014.08.02"]
[EventType "team-swiss"]
[EventRounds "11"]
[EventCountry "NOR"]
[SourceTitle "CBM 162"]
[Source "ChessBase"]
[SourceDate "2014.09.17"]
[SourceVersion "1"]
[SourceVersionDate "2014.09.17"]
[SourceQuality "1"]
[WhiteTeam "Romania (W)"]
[BlackTeam "Israel (W)"]
[WhiteTeamCountry "ROU"]
[BlackTeamCountry "ISR"]

1. e4 d5 2. exd5 Qxd5 3. Nc3 Qd6 4. d4 Nf6 5. Nf3 a6 6. g3 Bg4 7. Bg2 Nc6 8. 0-0 0-0-0 9. d5 Ne5 10. Bf4 Bxf3 11. Bxf3 Nxf3+ 12. Qxf3 e5 13. dxe6 Qxe6 14. Bg5 h6 15. Rfe1 Qb6 16. Nd5 Qc6 17. Bxf6 gxf6 18. c4 Kb8 19. Rac1 Bc5 20. Kg2 Bd4 21. b3 h5 22. h4 Be5 23. Rcd1 Rdg8 24. Ne7 Qxf3+ 25. Kxf3 Re8 26. Nf5 Kc8 27. Rd3 b5 28. Red1 bxc4 29. bxc4 Kb7 30. Rd7 Ref8 31. Ne7 a5 32. Rb1+ Ka6 33. Nc6 Rhg8 34. Rd5 Bc3 35. Rd3 1-0

[Event "Cappelle op 30th"]
[Site "Cappelle la Grande"]
[Date "2014.03.05"]
[Round "6"]
[White "Castellanos Rodriguez, Renier"]
[Black "Borsuk, Angela"]
[Result "0-1"]
[WhiteElo "2488"]
[BlackElo "2174"]
[PlyCount "66"]
[EventDate "2014.03.01"]
[EventType "swiss"]
[EventRounds "9"]
[EventCountry "FRA"]
[SourceTitle "CBM 159 Extra"]
[Source "ChessBase"]
[SourceDate "2014.04.24"]
[SourceVersion "1"]
[SourceVersionDate "2014.04.24"]
[SourceQuality "1"]

1. e4 d5 2. exd5 Qxd5 3. Nc3 Qd6 4. d4 Nf6 5. Nf3 a6 6. g3 Bg4 7. Bg2 Nc6 8. 0-0 0-0-0 9. d5 Ne5 10. Bf4 Nxf3+ 11. Bxf3 Qd7 12. Bxg4 Qxg4 13. Re1 Qd7 14. Qd4 b6 15. Rad1 Kb7 16. Be5 h5 17. h4 Ne8 18. a4 f6 19. d6 fxe5 20. Qe4+ c6 21. a5 exd6 22. axb6 Qg4 23. Qd3 d5 24. Rxe5 Nf6 25. Ra1 Qc4 26. Qg6 Qd4 27. Rf5 Qxb6 28. Na4 Qc7 29. Rf3 Ne4 30. Rb3+ Ka7 31. Nc3 Nxc3 32. Rxc3 Rh6 33. Qd3 c5 0-1

[Event "EU-chT (Women) 19th"]
[Site "Warsaw"]
[Date "2013.11.08"]
[Round "1.15"]
[White "Borsuk, Angela"]
[Black "Rautanen, Sari"]
[Result "1/2-1/2"]
[WhiteElo "2186"]
[BlackElo "1956"]
[PlyCount "74"]
[EventDate "2013.11.08"]
[EventType "team-swiss"]
[EventRounds "9"]
[EventCountry "POL"]
[SourceTitle "EXT 2014"]
[Source "ChessBase"]
[SourceDate "2013.11.20"]
[SourceVersion "1"]
[SourceVersionDate "2013.11.20"]
[SourceQuality "1"]
[WhiteTeam "Israel (W)"]
[BlackTeam "Finland (W)"]
[WhiteTeamCountry "ISR"]
[BlackTeamCountry "FIN"]

1. d4 d6 2. Nf3 Bg4 3. g3 Bxf3 4. exf3 Nf6 5. Bg2 c6 6. 0-0 e6 7. f4 d5 8. f5 exf5 9. Re1+ Be7 10. Qe2 Nbd7 11. c4 dxc4 12. Nc3 Nb6 13. Bg5 Kf8 14. Rad1 Qc7 15. Qf3 h6 16. Bf4 Qd7 17. Be5 Rd8 18. h4 Nbd5 19. a4 a5 20. Qe2 b5 21. Bxf6 Bxf6 22. Bxd5 cxd5 23. Nxb5 g6 24. h5 g5 25. Qd2 Ra8 26. f3 Kg7 27. Kg2 Rhe8 28. Rxe8 Rxe8 29. Re1 Ra8 30. Re2 Kf8 31. Kf2 Kg7 32. Qe1 Kf8 33. Qc3 Kg7 34. Qe1 Kf8 35. Qc3 Kg7 36. Qe1 Kf8 37. Qc3 Kg7 1/2-1/2

[Event "Isthmia op 3rd"]
[Site "Vrachati"]
[Date "2013.08.24"]
[Round "8"]
[White "Kouskoutis, Georgios Alexandros"]
[Black "Borsuk, Angela"]
[Result "1/2-1/2"]
[WhiteElo "1917"]
[BlackElo "2220"]
[PlyCount "139"]
[EventDate "2013.08.18"]
[EventType "swiss"]
[EventRounds "9"]
[EventCountry "GRE"]
[SourceTitle "CBM 156 Extra"]
[Source "ChessBase"]
[SourceDate "2013.10.22"]
[SourceVersion "1"]
[SourceVersionDate "2013.10.22"]
[SourceQuality "1"]

1. e4 d5 2. exd5 Qxd5 3. Nc3 Qd6 4. d4 Nf6 5. Nf3 a6 6. h3 e6 7. Bc4 b5 8. Bb3 c5 9. dxc5 Qxd1+ 10. Nxd1 Bxc5 11. Be3 Nbd7 12. c3 Bb7 13. Bc2 Ke7 14. Bxc5+ Nxc5 15. Ne3 Rhd8 16. Rd1 Nd5 17. 0-0 g6 18. Rfe1 Nxe3 19. fxe3 f6 20. Nd4 Bd5 21. e4 Bb7 22. e5 f5 23. b4 Nd7 24. Bb3 Nf8 25. a4 bxa4 26. Bxa4 Rac8 27. Rc1 Bd5 28. Red1 g5 29. c4 Ba8 30. Bb3 Ng6 31. c5 Nf4 32. g3 Rxd4 33. gxf4 Rxb4 34. Rc3 gxf4 35. Rd6 Rg8+ 36. Kf1 Bd5 37. Bxd5 exd5 38. Rxd5 Ke6 39. Rd6+ Kxe5 40. Rxa6 Rb1+ 41. Kf2 Rb2+ 42. Kf1 Rbg2 43. c6 Rg1+ 44. Ke2 R8g2+ 45. Kf3 Rg3+ 46. Kf2 Rxc3 47. Kxg1 Rc2 48. Ra7 h5 49. c7 Ke4 50. Ra4+ Kf3 51. Ra3+ Ke4 52. Ra4+ Ke5 53. Ra7 f3 54. Ra4 Rxc7 55. Kf2 Rc3 56. Rb4 Rd3 57. Ra4 Rd4 58. Ra3 Kf4 59. Rxf3+ Kg5 60. Ra3 Kh4 61. Ra5 Kg5 62. Ra3 Rd2+ 63. Kf3 h4 64. Ra8 Rh2 65. Rg8+ Kf6 66. Rf8+ Kg6 67. Rg8+ Kf7 68. Rg5 Kf6 69. Rh5 Rxh3+ 70. Kf4 1/2-1/2

[Event "ISR-ch (Women)"]
[Site "Acre"]
[Date "2013.04.10"]
[Round "5"]
[White "Lian, Marina"]
[Black "Borsuk, Angela"]
[Result "0-1"]
[WhiteElo "1874"]
[BlackElo "2256"]
[PlyCount "91"]
[EventDate "2013.04.06"]
[EventType "swiss"]
[EventRounds "9"]
[EventCountry "ISR"]
[SourceTitle "CBM 153 Extra"]
[Source "ChessBase"]
[SourceDate "2013.04.22"]
[SourceVersion "1"]
[SourceVersionDate "2013.04.22"]
[SourceQuality "1"]

1. e4 d6 2. d4 c6 3. Nc3 Nf6 4. Be3 Nbd7 5. f3 e5 6. Qd2 Be7 7. g4 0-0 8. 0-0-0 b5 9. Nge2 b4 10. Nb1 d5 11. g5 Nh5 12. Ng3 exd4 13. Qxd4 Nxg3 14. hxg3 Bxg5 15. f4 Be7 16. exd5 Bc5 17. Qd3 Bxe3+ 18. Qxe3 cxd5 19. Rxd5 Qb6 20. Qd3 Nf6 21. Rd6 Qf2 22. Be2 Bb7 23. Rf1 Qc5 24. Nd2 Rfe8 25. Nc4 Bd5 26. Rd1 Bxc4 27. Qxc4 Qe3+ 28. R1d2 Ne4 29. Rd7 Rf8 30. Qd3 Qxd2+ 31. Qxd2 Nxd2 32. Kxd2 Rad8 33. Rxd8 Rxd8+ 34. Ke3 Kf8 35. c3 bxc3 36. bxc3 Ke7 37. Bf3 Kd6 38. Be4 h6 39. Bc2 Kc5 40. Bb3 Re8+ 41. Kf3 f6 42. Bf7 Re1 43. Kg4 Re3 44. c4 Ra3 45. Kh4 g5+ 46. fxg5 0-1

[Event "ISR-ch (Women)"]
[Site "Acre"]
[Date "2013.04.07"]
[Round "2"]
[White "Tsifanskaya, Ludmila A"]
[Black "Borsuk, Angela"]
[Result "1/2-1/2"]
[WhiteElo "2085"]
[BlackElo "2256"]
[PlyCount "74"]
[EventDate "2013.04.06"]
[EventType "swiss"]
[EventRounds "9"]
[EventCountry "ISR"]
[SourceTitle "CBM 153 Extra"]
[Source "ChessBase"]
[SourceDate "2013.04.22"]
[SourceVersion "1"]
[SourceVersionDate "2013.04.22"]
[SourceQuality "1"]

1. e4 g6 2. d4 Bg7 3. Nc3 c6 4. Nge2 d6 5. a4 Nf6 6. g3 0-0 7. Bg2 e5 8. 0-0 Na6 9. h3 Re8 10. Be3 exd4 11. Bxd4 Qe7 12. g4 Nc5 13. Ng3 Ne6 14. Be3 Nd7 15. f4 Nec5 16. Bd4 Bxd4+ 17. Qxd4 Qh4 18. Qf2 Qe7 19. Rad1 b6 20. b4 Ne6 21. b5 Bb7 22. e5 d5 23. bxc6 Bxc6 24. Nxd5 Bxd5 25. Bxd5 Rac8 26. Ne4 Rf8 27. f5 Nxe5 28. f6 Qa3 29. Bb3 Qb4 30. Qe3 Rfd8 31. Bxe6 fxe6 32. Ng5 Nf7 33. Nxf7 Kxf7 34. Rxd8 Rxd8 35. Qh6 Qd4+ 36. Kh1 Qe4+ 37. Kg1 Qd4+ 1/2-1/2

[Event "Cappelle op 29th"]
[Site "Cappelle la Grande"]
[Date "2013.02.26"]
[Round "5"]
[White "Borsuk, Angela"]
[Black "Baron, Tal"]
[Result "1/2-1/2"]
[WhiteElo "2250"]
[BlackElo "2470"]
[PlyCount "138"]
[EventDate "2013.02.23"]
[EventType "swiss"]
[EventRounds "9"]
[EventCountry "FRA"]
[SourceTitle "CBM 153 Extra"]
[Source "ChessBase"]
[SourceDate "2013.04.22"]
[SourceVersion "1"]
[SourceVersionDate "2013.04.22"]
[SourceQuality "1"]

1. d4 Nf6 2. Nf3 g6 3. c4 Bg7 4. Nc3 d5 5. Bg5 Ne4 6. cxd5 Nxg5 7. Nxg5 e6 8. Nf3 exd5 9. e3 c6 10. Bd3 0-0 11. 0-0 Be6 12. b4 Nd7 13. a4 a5 14. b5 c5 15. Ne2 Bg4 16. Nf4 cxd4 17. exd4 Bxd4 18. Rc1 Bg7 19. h3 Bxf3 20. Qxf3 Nb6 21. Bc2 Qd6 22. Rcd1 Rac8 23. Bb3 Rc3 24. Rd3 Rxd3 25. Nxd3 Rc8 26. Rc1 Rxc1+ 27. Nxc1 Qb4 28. Qd1 Nc4 29. g3 Qc3 30. Kg2 Nb6 31. Ne2 Qc5 32. Nf4 d4 33. Qf3 Qe7 34. Nd5 Nxd5 35. Qxd5 b6 36. Qa8+ Bf8 37. Qd5 Qf6 38. Qc6 Qd8 39. Qd5 Qxd5+ 40. Bxd5 d3 41. f4 Bc5 42. Kf3 Kf8 43. g4 h6 44. Bc4 d2 45. Bb3 Ke7 46. Ke2 Bb4 47. Kd3 Kf6 48. h4 h5 49. gxh5 gxh5 50. Ke4 Kg6 51. Kf3 Be7 52. Bc2+ f5 53. Kg3 Kf6 54. Bb3 Bd8 55. Kf3 Kg6 56. Kg3 Be7 57. Bd1 Bf6 58. Be2 Bd8 59. Bd1 Bc7 60. Be2 Bd6 61. Bd1 Bf8 62. Kf2 Bc5+ 63. Kg3 Bd4 64. Be2 Bg7 65. Kf2 Bf8 66. Bd1 Bd6 67. Kg3 Kf6 68. Bxh5 Ke6 69. Bf3 Kf6 1/2-1/2

[Event "Cappelle op 29th"]
[Site "Cappelle la Grande"]
[Date "2013.02.23"]
[Round "1"]
[White "Borsuk, Angela"]
[Black "Drasko, Milan"]
[Result "0-1"]
[WhiteElo "2250"]
[BlackElo "2459"]
[PlyCount "78"]
[EventDate "2013.02.23"]
[EventType "swiss"]
[EventRounds "9"]
[EventCountry "FRA"]
[SourceTitle "CBM 153 Extra"]
[Source "ChessBase"]
[SourceDate "2013.04.22"]
[SourceVersion "1"]
[SourceVersionDate "2013.04.22"]
[SourceQuality "1"]

1. d4 e6 2. c4 Nf6 3. Nf3 Bb4+ 4. Bd2 a5 5. e3 d6 6. Bd3 Qe7 7. e4 e5 8. d5 Na6 9. Nc3 Nc5 10. Qe2 c6 11. Bc2 0-0 12. a3 Bxc3 13. Bxc3 Bg4 14. h3 Bh5 15. 0-0-0 cxd5 16. exd5 Qd7 17. Qe3 Na4 18. Bd2 Rfc8 19. b3 Nc5 20. a4 Bg6 21. Bxg6 hxg6 22. Kb2 b5 23. cxb5 Nxd5 24. Qe2 Qf5 25. Be3 Nxe3 26. fxe3 Qe4 27. Qc4 Qxc4 28. bxc4 Nxa4+ 29. Ka3 Nb6 30. Nd2 Ra7 31. Kb3 Rac7 32. e4 Nxc4 33. Nb1 Rc5 34. Rd5 Rxd5 35. exd5 Nb6 36. Nc3 Rc5 37. Ra1 Nxd5 38. Ne4 Rxb5+ 39. Kc4 Rb4+ 0-1

[Event "EU-Cup (Women) 17th"]
[Site "Eilat"]
[Date "2012.10.15"]
[Round "5.2"]
[White "Lagno, Kateryna"]
[Black "Borsuk, Angela"]
[Result "1-0"]
[WhiteElo "2551"]
[BlackElo "2260"]
[PlyCount "45"]
[EventDate "2012.10.11"]
[EventType "team-tourn"]
[EventRounds "7"]
[EventCountry "ISR"]
[SourceTitle "CBM 150 Extra"]
[Source "ChessBase"]
[SourceDate "2012.10.19"]
[SourceVersion "1"]
[SourceVersionDate "2012.10.19"]
[SourceQuality "1"]
[WhiteTeam "AVS (W)"]
[BlackTeam "Ashdod (W)"]
[WhiteTeamCountry "RUS"]
[BlackTeamCountry "ISR"]

1. e4 d6 2. d4 Nf6 3. Nc3 e5 4. Nf3 Nbd7 5. Bc4 Be7 6. 0-0 0-0 7. Re1 c6 8. a4 b6 9. d5 c5 10. Nd2 a6 11. Bd3 Ne8 12. Nc4 Bg5 13. Bxg5 Qxg5 14. Rb1 Rb8 15. b4 Qd8 16. Qc1 Qc7 17. Qe3 g6 18. bxc5 Nxc5 19. Rb4 Nxa4 20. Nxa4 b5 21. Reb1 Rb7 22. Nab6 bxc4 23. Rxc4 1-0

[Event "Olympiad Women-40"]
[Site "Istanbul"]
[Date "2012.08.31"]
[Round "4.3"]
[White "Borsuk, Angela"]
[Black "L'Ami, Alina"]
[Result "1-0"]
[WhiteElo "2266"]
[BlackElo "2372"]
[PlyCount "91"]
[EventDate "2012.08.28"]
[EventType "team-swiss"]
[EventRounds "11"]
[EventCountry "TUR"]
[SourceTitle "CBM 150 Extra"]
[Source "ChessBase"]
[SourceDate "2012.10.19"]
[SourceVersion "1"]
[SourceVersionDate "2012.10.19"]
[SourceQuality "1"]
[WhiteTeam "Israel (W)"]
[BlackTeam "Romania (W)"]
[WhiteTeamCountry "ISR"]
[BlackTeamCountry "ROU"]

1. d4 Nf6 2. c4 g6 3. Nc3 Bg7 4. e4 d6 5. Nf3 0-0 6. Be2 e5 7. 0-0 Nc6 8. Be3 Ng4 9. Bg5 f6 10. Bh4 g5 11. Bg3 Nh6 12. dxe5 fxe5 13. h3 Be6 14. c5 Nf7 15. cxd6 Nxd6 16. Qd2 h6 17. Rad1 Qe8 18. Qc2 Qg6 19. Nb5 Nxb5 20. Bxb5 Rxf3 21. Bxc6 Rxg3 22. Bd5 Bxd5 23. Rxd5 Rxg2+ 24. Kxg2 g4 25. Qe2 gxh3+ 26. Kxh3 Rf8 27. Qg4 Qxg4+ 28. Kxg4 Rf4+ 29. Kh5 Rxe4 30. Rd7 Bf6 31. Kg6 Bg5 32. Rxc7 Kf8 33. Rxb7 Ra4 34. Rd1 Ra6+ 35. Kh5 Ke8 36. Rdd7 Rf6 37. Rh7 Rf8 38. Rb8+ Bd8 39. Kxh6 e4 40. Kh5 a5 41. Kg4 a4 42. Ra7 Rxf2 43. Rxa4 e3 44. Re4+ Kd7 45. Rd4+ Kc7 46. Rbxd8 1-0

[Event "ISR-chT 1112"]
[Site "Israel"]
[Date "2012.02.24"]
[Round "9.6"]
[White "Steinberg, Nitzan"]
[Black "Borsuk, Angela"]
[Result "1/2-1/2"]
[WhiteElo "2290"]
[BlackElo "2257"]
[PlyCount "105"]
[EventDate "2011.12.16"]
[EventType "team-tourn"]
[EventRounds "11"]
[EventCountry "ISR"]
[SourceTitle "EXT 2013"]
[Source "ChessBase"]
[SourceDate "2012.11.22"]
[SourceVersion "1"]
[SourceVersionDate "2012.11.22"]
[SourceQuality "1"]

1. e4 d6 2. d4 Nf6 3. Nc3 e5 4. Nf3 Nbd7 5. g3 Be7 6. Bg2 0-0 7. 0-0 c6 8. a4 Qc7 9. b3 Re8 10. Ba3 Nf8 11. h3 b6 12. Qd2 a6 13. Rad1 b5 14. dxe5 dxe5 15. Bxe7 Qxe7 16. Nh4 b4 17. Nb1 a5 18. Qe3 Qa7 19. Nf5 Qxe3 20. Nxe3 Ba6 21. Rfe1 Ne6 22. Nd2 Nd4 23. Bf1 Bb7 24. Bd3 Nd7 25. f3 Nc5 26. Bf1 Red8 27. Kf2 f6 28. Ndc4 g6 29. Bg2 Nce6 30. Rd2 c5 31. h4 Bc6 32. Red1 Kf7 33. Bh3 Nc7 34. Nb2 Ke7 35. Nec4 Nce6 36. Ke3 h6 37. Bxe6 Nxe6 38. Rxd8 Nxd8 39. Rd6 Rc8 40. f4 exf4+ 41. gxf4 Nb7 42. Rd2 Rd8 43. Rxd8 Kxd8 44. Nd3 Ke7 45. f5 gxf5 46. exf5 Bd5 47. Nb6 Bf7 48. Kf4 Kd6 49. Nf2 Kc6 50. Nc8 Kd7 51. Nb6+ Kc6 52. Nc8 Kd7 53. Nb6+ 1/2-1/2

[Event "EU-chT (Women) 18th"]
[Site "Porto Carras"]
[Date "2011.11.06"]
[Round "4.3"]
[White "Stojanovic, Marija R"]
[Black "Borsuk, Angela"]
[Result "0-1"]
[WhiteElo "2095"]
[BlackElo "2257"]
[PlyCount "66"]
[EventDate "2011.11.03"]
[EventType "team-swiss"]
[EventRounds "9"]
[EventCountry "GRE"]
[SourceTitle "EXT 2012"]
[Source "ChessBase"]
[SourceDate "2011.11.24"]
[SourceVersion "1"]
[SourceVersionDate "2011.11.24"]
[SourceQuality "1"]
[WhiteTeam "Montenegro (W)"]
[BlackTeam "Israel (W)"]
[WhiteTeamCountry "MNE"]
[BlackTeamCountry "ISR"]

1. e4 d6 2. d4 Nf6 3. Nc3 e5 4. Nf3 Nbd7 5. Bc4 Be7 6. 0-0 0-0 7. Re1 c6 8. a4 b6 9. b3 Qc7 10. d5 cxd5 11. Nxd5 Nxd5 12. Bxd5 Rb8 13. Ba3 a6 14. Ra2 b5 15. axb5 axb5 16. Bb4 Nf6 17. Re3 Nxd5 18. Qxd5 Bb7 19. Qd2 f5 20. Rc3 Qd8 21. Ra7 Qb6 22. Ra2 fxe4 23. Nxe5 Bg5 24. Qe2 Qd4 25. Nd7 Ra8 26. Ba5 Rxa5 27. Rxa5 Qxc3 28. Ra7 Rxf2 29. Kxf2 Qd4+ 30. Kf1 Qxa7 31. Qg4 Bd5 32. h4 Bxh4 33. Qf5 Qa1+ 0-1

[Event "EU-chT (Women) 18th"]
[Site "Porto Carras"]
[Date "2011.11.03"]
[Round "1.3"]
[White "Gunina, Valentina"]
[Black "Borsuk, Angela"]
[Result "1/2-1/2"]
[WhiteElo "2514"]
[BlackElo "2257"]
[PlyCount "192"]
[EventDate "2011.11.03"]
[EventType "team-swiss"]
[EventRounds "9"]
[EventCountry "GRE"]
[SourceTitle "EXT 2012"]
[Source "ChessBase"]
[SourceDate "2011.11.24"]
[SourceVersion "1"]
[SourceVersionDate "2011.11.24"]
[SourceQuality "1"]
[WhiteTeam "Russia (W)"]
[BlackTeam "Israel (W)"]
[WhiteTeamCountry "RUS"]
[BlackTeamCountry "ISR"]

1. d4 Nf6 2. Nf3 d6 3. c4 g6 4. g3 c6 5. Bg2 Bg7 6. 0-0 0-0 7. Nc3 Bf5 8. Nh4 Be6 9. d5 cxd5 10. cxd5 Bd7 11. Nf3 Na6 12. Be3 Qa5 13. a3 Rfc8 14. b4 Qd8 15. Rc1 Nc7 16. Nd4 Ng4 17. Bf4 Ne5 18. Qb3 Nd3 19. exd3 Bxd4 20. Rfe1 Nb5 21. Nxb5 Bxb5 22. Bh3 Bd7 23. Bxd7 Qxd7 24. Rc4 Bg7 25. Rec1 h5 26. h4 Qf5 27. Be3 a6 28. Kh2 Kh7 29. Rf4 Qd7 30. Rxf7 Kg8 31. Rf4 Rxc1 32. Bxc1 Bh6 33. Rc4 Bxc1 34. Rxc1 Qf5 35. Rc2 g5 36. Qc4 Rf8 37. Qd4 gxh4 38. Qxh4 Rf7 39. Qe4 Qxe4 40. dxe4 Rf3 41. Kg2 Rxa3 42. Rc7 Kf7 43. Rxb7 Rb3 44. Rb6 Kf6 45. f3 Ke5 46. Rxa6 Rxb4 47. Ra8 Rb2+ 48. Kh3 Kf6 49. Ra4 Rf2 50. f4 Re2 51. Rd4 Kg6 52. Ra4 Kf6 53. Ra8 Rxe4 54. Kh4 Rd4 55. Rf8+ Kg6 56. Rg8+ Kf6 57. Rg5 Rd1 58. Kxh5 Rd2 59. Kg4 Rd3 60. Rh5 Kg6 61. Kh4 Rd4 62. Rg5+ Kf6 63. Kh5 Rd1 64. Kg4 Rd3 65. Rh5 Kg6 66. f5+ Kf6 67. Rh6+ Kg7 68. Re6 Kf7 69. Rh6 Kg7 70. Kh5 Rxd5 71. g4 Rd1 72. Kg5 Rg1 73. Rh2 Rg3 74. Ra2 Rb3 75. Re2 Kf7 76. Rh2 Kg7 77. Kh5 Rf3 78. Re2 Kf7 79. Kh4 Kf6 80. Re1 Rd3 81. Rf1 Rd2 82. g5+ Kf7 83. Rh1 Rf2 84. Kg4 Rg2+ 85. Kf4 e5+ 86. fxe6+ Kxe6 87. Rh7 Ra2 88. Kg4 d5 89. Kh5 d4 90. Kg6 Rg2 91. Ra7 Ke5 92. Kh6 Ke4 93. g6 d3 94. g7 d2 95. Rd7 Ke3 96. Kh7 Rg3 1/2-1/2